LEADER 01781nam0 22004213i 450 001 RMS0087551 005 20231121125807.0 010 $a8881471965 100 $a20021213d2000 ||||0itac50 ba 101 | $aita 102 $ait 181 1$6z01$ai $bxxxe 182 1$6z01$an 200 1 $a˜Una œrivoluzione difficile$ela Repubblica romana del 1798-1799$fDavid Armando, Massimo Cattaneo, Maria Pia Donato 210 $aPisa [etc.!$cIstituti editoriali e poligrafici internazionali$d[2000! 215 $a285 p.$d24 cm 225 | $aStoria$v3 410 0$1001RMS0076031$12001 $aStoria$v3 606 $aRoma$xStoria$x1798-1799$2FIR$3RMLC404599$9I 606 $aRepubblica romana. 1798-1799$2FIR$3RMLC053704$9I 606 $aRoma$x1788-1799$2FIR$3RMLC193022$9I 606 $aRepubbica romana. 1798-1799$2FIR$3RMLC202773$9I 676 $a945.632$9Storia.Roma$v21 676 $a945.632082$9$v21 700 1$aArmando$b, David$3RMSV041169$4070$0253906 701 1$aDonato$b, Maria Pia$3BVEV067958$4070$0241788 701 1$aCattaneo$b, Massimo$3UR1V002952$4070$0176448 801 3$aIT$bIT-01$c20021213 850 $aIT-RM028 $aIT-RM0459 $aIT-RM0211 $aIT-FR0017 899 $aBiblioteca Universitaria Alessandrina$bRM028 899 $aARCHIVIO DI STATO DI ROMA$bRM0459 899 $aFondazione Marco Besso$bRM0211 899 $aBiblioteca umanistica Giorgio Aprea$bFR0017 912 $aRMS0087551 950 0$aBiblioteca umanistica Giorgio Aprea$d 52CIS 9/1547$e 52VM 0000334945 VM barcode:00060446. - Inventario:25156 FLSVM$fA $h20030528$i20121204 977 $a 01$a 12$a 14$a 52 996 $aRivoluzione difficile$93551416 997 $aUNICAS LEADER 01374nam1 22003733i 450 001 RMS1108462 005 20231121125809.0 010 $a8842491683 100 $a20160202d2002 ||||0itac50 ba 101 | $aita 102 $ait 181 1$6z01$ai $bxxxe 182 1$6z01$an 200 1 $a˜Le œfilosofie del Novecento$fGiovanni Fornero, Salvatore Tassinari 210 $a[Milano!$cBruno Mondadori$dİ2002 215 $a2 v. (1593 p. compless.)$d22 cm 225 | $aEconomica$v19 300 $aIn custodia 410 0$1001TO01207871$12001 $aEconomica$v19 463 1$1001RMS1108483$12000 $a1$fGiovanni Fornero, Salvatore Tassinari$v1 463 1$1001RMS1108488$12000 $a2$fGiovanni Fornero, Salvatore Tassinari$v2 606 $aFilosofia$xSec. 20.$2FIR$3RMLC068468$9N 676 $a109$9Storia e biografia collettiva della filosofia$v22 676 $a190$9Filosofia occidentale moderna.$v22 700 1$aFornero$b, Giovanni$3CFIV096076$4070$0144314 701 1$aTassinari$b, Salvatore$3SBLV169671$4070$0280740 801 3$aIT$bIT-01$c20160202 850 $aIT-FR0017 899 $aBiblioteca umanistica Giorgio Aprea$bFR0017 912 $aRMS1108462 950 1$aBiblioteca umanistica Giorgio Aprea$d 52MAG 7/144.1$d 52MAG 7/144.2 977 $a 52 996 $aFilosofie del Novecento$9672309 997 $aUNICAS